00696nam a2200169 a 450000100100000000500170001000800410002704000250006808200140009310000290010724500540013626000370019030000210022759000760024895201850032499900170050900003583820200930074643.0111115s1967 xxu 000 0 eng d aDO-SdBNPbspacBNPHU axxxbM1331 aMcCullers, Carson96181010aThe heart is a lonely hunter /cCarson McCullers. aNew York :bBantam Books,c1967. a307 p. ;c18 cm. aPerteneció a la biblioteca personal de Juan Isidro Jimenes Grullón. 001050718MOaGRbGRcCTd2011-11-15iLF1l0oxxx M133p35838-10r2020-06-25w2020-06-25y1zPerteneció a la biblioteca personal de Juan Isidro Jimenes- GrullónZNo se presta c35329d35329